000 00302nam a22001337a 4500
008 170908b xxu||||| |||| 00| 0 eng d
020 _a9780072863819
041 _aeng
080 _210 ED
_a91
100 _a91
101 _aGEO
245 _aGLOBAL STUDIES RUSSIA
_cGOLDMAN.M.L
942 _2udc
_cBK
999 _c26804
_d26804